000 01340cam a22004334i 4500
003 PE-LiUPU
005 20250731173501.0
008 150616s1979 miu r 000 0 spa d
020 _a0825431247
035 _a(Sirsi) i9780825431241
040 _aPE-LiUPU
_bspa
_cPE-LiUPU
_erda
049 _aPRUA
082 0 4 _a270.6
_bL98G
_221
100 1 _aLutero, Martín,
_d1483-1546
_eautor.
_91490
245 1 0 _aCommentary on Galatians /
_cMartín Lutero.
264 1 _aGrand Rapids, Michigan :
_bKregel Classics,
_c1979.
300 _a388 páginas ;
_c20 centímetros
336 _atext
_2rdacontent
337 _aunmediated
_2rdamedia
338 _avolume
_2rdacarrier
505 0 _aComentario a todos los capítulos de la carta a los Gálatas Galatas.
526 _aSEG42
526 _aSEG41
526 _aSEG40
526 _aSEG39
526 _aP94
526 _aP87
526 _aP86
526 _aP85
526 _aP77
526 _aP76
526 _aP35
630 _aBiblia.
_pN.T.
_xComentarios.
910 _ajck
942 _2ddc
_cBK
949 _a270.6 L98G
_wDEWEY
_c1
_i40313
_d2016-4-26
_e2016-4-24
_lCCODEBUL1
_mBUL
_n1
_r0
_sY
_tBOOK
_u2015-6-16
_xTEOLOGIA
_zUNKNOWN
_0COMPRA
_o.STAFF. Colección Teología
999 _c58115
_d58115
980 _81
_gALBERTO SANCHEZ Responsable de Automatización